000 00871nas a2200289 4500
001 BR0903215
003 BR-BrBNA
005 20231205113436.0
007 ta
008 230509b bl.|||p| |||| 00| 00por d
040 _aBR-BrBNA
_bpor
_cBiblioteca Nacional de Agricultura
041 _a(Pt)
072 _aS40
100 1 _aSobral, F.
100 1 _aCosta, V.M.H. de M.
245 1 _aPrograma nacional de alimentação escolar: sistematização e importância
650 _aPROGRAMA DE NUTRIÇÃO
650 _aESCOLA
650 _aPOLÍTICA NACIONAL
650 _aNUTRIÇÃO HUMANA
650 _aPOLÍTICAS PÚBLICAS
650 _aVALOR NUTRITIVO
650 _aPLANEJAMENTO
773 0 _tAlimentos e Nutrição (Brazil)
_xISSN 0103-4235
_g(Jan-Mar 2008), v. 19(1) p. 73-81
_wBR0903215
909 _a202311
_bLúcia
_c55
_dLúcia Elande
942 _2AGRIS
_n0
_cANA
999 _c203789
_d203789